Atlas of the environment
The book provides the most up-to-date report possible on the state of the world's environment. With over 200 full-color maps and diagrams, the book explains what is happening to our planet - including disappearing forests, acid rain, climate change, pollution, and desertification
Guardat en:
| Autor principal: | |
|---|---|
| Format: | Llibre |
| Idioma: | Undetermined |
| Publicat: |
Santa Barbara, California
ABC-CLIO
1994
|
| Matèries: | |
| Etiquetes: |
Afegir etiqueta
Sense etiquetes, Sigues el primer a etiquetar aquest registre!
|
| Thư viện lưu trữ: | Trung tâm Học liệu Trường Đại học Cần Thơ |
|---|
| LEADER | 00808nam a2200193Ia 4500 | ||
|---|---|---|---|
| 001 | CTU_18449 | ||
| 008 | 210402s9999 xx 000 0 und d | ||
| 082 | |a 304.6 | ||
| 082 | |b L437 | ||
| 100 | |a Geoffrey Lean | ||
| 245 | 0 | |a Atlas of the environment | |
| 245 | 0 | |c Geoffrey Lean, Don hinrichsen | |
| 260 | |a Santa Barbara, California | ||
| 260 | |b ABC-CLIO | ||
| 260 | |c 1994 | ||
| 520 | |a The book provides the most up-to-date report possible on the state of the world's environment. With over 200 full-color maps and diagrams, the book explains what is happening to our planet - including disappearing forests, acid rain, climate change, pollution, and desertification | ||
| 650 | |a atlases,man - influence on nature | ||
| 904 | |i Minh, 970913 | ||
| 980 | |a Trung tâm Học liệu Trường Đại học Cần Thơ | ||